| 000 | 01230cam a22003133a 4500 | ||
|---|---|---|---|
| 001 | 15045 | ||
| 003 | PGUSA | ||
| 005 | 20140828083325.0 | ||
| 008 | 050214s2005||||xxu|||||s|||||000 | eng d | ||
| 040 |
_aPGUSA _beng |
||
| 042 | _adc | ||
| 050 | 4 | _aPR | |
| 100 | 1 |
_aPiozzi, Hester Lynch, _d1741-1821 |
|
| 245 | 1 | 0 |
_aAutobiography, Letters and Literary Remains of Mrs. Piozzi (Thrale) (2nd ed.) (2 vols.) : _bEdited with notes and Introductory Account of her life and writings _h[electronic resource] / _cHester Lynch Piozzi |
| 260 |
_bProject Gutenberg, _c2005 |
||
| 506 | _aPublic domain in the USA. | ||
| 516 | _aElectronic text | ||
| 653 | _aPiozzi, Hester Lynch, 1741-1821 | ||
| 653 | _aAuthors, English -- 18th century -- Biography | ||
| 653 | _aThrale, Henry, 1728-1781 -- Marriage | ||
| 653 | _aPiozzi, Hester Lynch, 1741-1821 -- Correspondence | ||
| 653 | _aJohnson, Samuel, 1709-1784 -- Friends and associates | ||
| 653 | _aWomen and literature -- England -- History -- 18th century | ||
| 653 | _aAuthors, English -- 18th century -- Correspondence | ||
| 700 | 1 |
_aHayward, A. _q(Abraham), _d1801-1884 |
|
| 830 | 0 |
_aProject Gutenberg _v15045 |
|
| 856 | 4 | 0 | _uhttp://www.gutenberg.org/ebooks/15045 |
| 942 | _cEB | ||
| 999 |
_c244300 _d244300 |
||